Statystyki dla Białas & White 2115 - Diamentowy Las

Kliknij tutaj aby rozwiązać quiz!

Ogólne statystyki

  • Ten quiz został rozwiązany 277 razy
  • Średni wynik to 8 z 12

Statystyki odpowiedzi

NumerUtwór% Poprawnych
4Diamentowy Las
94%
8Święto ogródka
83%
3Mutanci
77%
12Różowy śnieg
77%
6Lombard dusz
75%
11Jesień w Diamentowym Lesie
67%
9Afera
65%
1Korzenie w bagnie
63%
2Nie lubię ku
61%
7Spacer po lesie
58%
10Sprzątanie świata
51%
5Pierwszy słońca blask
48%

Rozkład punktacji

Percentyl według liczby udzielonych odpowiedzi

Procent ludzi z każdym wynikiem

Twoja historia wyników

Nie rozwiązałeś tego quizu